书目信息 |
| 题名: |
农用生产资料辨伪446例
|
|
| 作者: | 高佩群 主编 | |
| 分册: | ||
| 出版信息: | 北京 中国计量出版社 2000 |
|
| 页数: | 19, 406页 | |
| 开本: | 20cm | |
| 丛书名: | ||
| 单 册: | ||
| 中图分类: | F760.6 | |
| 科图分类: | ||
| 主题词: | 假冒伪劣产品--农业生产资料--鉴别 | |
| 电子资源: | ||
| ISBN: | 7-5026-1271-8 | |
| 000 | 01139nam0 2200301 450 | |
| 000 | 01104nam0 2200289 450 | |
| 000 | 01067nam0 2200277 450 | |
| 000 | 01021nam0 2200277 450 | |
| 000 | 00984nam0 2200265 450 | |
| 000 | 00917nam0 2200241 450 | |
| 001 | 0104000022 | |
| 005 | 20061025102317.34 | |
| 010 | @a7-5026-1271-8@dCNY20.00 | |
| 100 | @a20050927d2000 ekmy0chiy0110 ea | |
| 101 | 0 | @achi |
| 102 | @aCN@b110000 | |
| 105 | @aa z 000yy | |
| 200 | 1 | @a农用生产资料辨伪446例@Anong yong sheng chan zi liao bian wei 446 li@f高佩群主编@Fgao pei qun zhu bian |
| 210 | @a北京@c中国计量出版社@d2000 | |
| 215 | @a19, 406页@c图@d20cm | |
| 330 | @a本书对常见的农用生产资料,如化肥、种子、农药、饲料、种禽、种畜、经济动物、兽药、石油化工、建材、农机等,以条目的形式介绍利用感观,如看、闻、尝、触、量、和小试验等简单易行的方法,来鉴别其真伪和质量。 | |
| 606 | 0 | @a假冒伪劣产品@x农业生产资料@x鉴别 |
| 690 | @aF760.6@v4 | |
| 701 | 0 | @a高佩群@9gao pei qun@4主编 |
| 801 | 0 | @aCN@b北京荣雅伟业图书经销中心@c20061025 |
| 905 | @aBZT@dF760.6@e213 | |
| 906 | @dCNY20.00@n0@r1 | |
| 农用生产资料辨伪446例/高佩群主编.-北京:中国计量出版社,2000 |
| 19, 406页:图;20cm |
| ISBN 7-5026-1271-8:CNY20.00 |
| 本书对常见的农用生产资料,如化肥、种子、农药、饲料、种禽、种畜、经济动物、兽药、石油化工、建材、农机等,以条目的形式介绍利用感观,如看、闻、尝、触、量、和小试验等简单易行的方法,来鉴别其真伪和质量。 |
| ● |
| 相关链接 |
|
|
|
正题名:农用生产资料辨伪446例
索取号:F760.6/213
 
预约/预借
| 序号 | 登录号 | 条形码 | 馆藏地/架位号 | 状态 | 备注 |
| 1 | 510231 | 230092656 | 中心书库北库/ 北库037架A面4列6层34/ [索取号:F760.6/213] | 在馆 | |
| 2 | 510232 | 230092658 | 中心书库北库/ 北库037架A面4列6层33/ [索取号:F760.6/213] | 在馆 | |
| 3 | 510233 | 230092657 | 中心书库北库/ 北库037架A面4列6层32/ [索取号:F760.6/213] | 在馆 | |
| 4 | 510234 | 230092660 | 中心书库北库/ 北库037架A面4列6层31/ [索取号:F760.6/213] | 在馆 | |
| 5 | 510235 | 230092659 | 中心书库北库/ 北库037架A面4列6层30/ [索取号:F760.6/213] | 在馆 |